000 00315nam a22001337a 4500
020 _a978-81-291-2039-7
082 _a001
_bBRI/Q
100 _aDEREK O' BRIEN
245 _aULTIMATE BOOK OF KNOWLEDGE
260 _aDELHI
_bRUPA PUBLICATIONS
_c2015
300 _a182
650 _aGENERAL KNOWLEDGE
_zINDIA
942 _cBK
999 _c6528
_d6528